Λεύκωμα της γυμναστράντα της Στουτγάρδης (Ιούλιος 1961) : τα διεθνή συνέδρια ρυθμικής γυμναστικής Φραγκφούρτης - Στουτγάρδης (Ιούλιος - Αύγουστος 1961) : το διεθνές συνέδριον φυσικής αγωγής της Λιέγης (Μάιος 1962)
Αποθηκεύτηκε σε:
| Κύριος συγγραφέας: | |
|---|---|
| Μορφή: | Βιβλίο |
| Γλώσσα: | Greek |
| Δημοσίευση: |
Πάτραι ; Αθήναι :
[χ.ό.],
[1962]
|
| Θέματα: | |
| Ετικέτες: |
Προσθήκη ετικέτας
Δεν υπάρχουν, Καταχωρήστε ετικέτα πρώτοι!
|
MARC
| LEADER | 00000cam a2200000 i 4500 | ||
|---|---|---|---|
| 001 | 1/95492 | ||
| 008 | 081015s1962 gre d | ||
| 035 | |l 10100919 | ||
| 040 | |a GR-MY-UA |b gre |e aacr | ||
| 041 | 0 | |a gre | |
| 082 | 0 | |a 796.07 |2 (22) | |
| 100 | 1 | |a Κασβίκης, Κωνσταντίνος Γ., |d 1909- | |
| 245 | 1 | 0 | |a Λεύκωμα της γυμναστράντα της Στουτγάρδης (Ιούλιος 1961) : |b τα διεθνή συνέδρια ρυθμικής γυμναστικής Φραγκφούρτης - Στουτγάρδης (Ιούλιος - Αύγουστος 1961) : το διεθνές συνέδριον φυσικής αγωγής της Λιέγης (Μάιος 1962) / |c Κωνσταντίνου Γ. Κασβίκη |
| 260 | |a Πάτραι ; Αθήναι : |b [χ.ό.], |c [1962] | ||
| 300 | |a 164 σ.; |c 25 εκ. | ||
| 500 | |a "Τεύχη Ε' & ΣΤ' περιοδικής εκδόσεως <<Διεθνείς Γυμναστικαί Έρευναι>>" | ||
| 650 | 0 | 0 | |a Physical education and training. |
| 650 | 0 | 0 | |a Sports |x Study and teaching. |
| 650 | 0 | 0 | |a Congresses and conventions. |
| 852 | |a INST |b RHODES |c AKA |e 20081015 |h 796.07 ΚΑΣ |p 005400031032 |q 005400031032 |t BK |y 0 | ||
| 901 | |a BIBL4-2008-3 | ||
| 909 | |a Ρ |b 153349 | ||
| 970 | |a ΚΟΖΑ |b ΜΑΡΙΑ |z 2008/10/15 | ||